Real Estate Briefing (Record no. 118799)

MARC details
000 -LEADER
fixed length control field 00695cas a22002175a 4500
001 - CONTROL NUMBER
control field L129663
008 - FIXED-LENGTH DATA ELEMENTS--GENERAL INFORMATION
fixed length control field 050509c2004 xxkqr p 0 a0eng u
035 ## - SYSTEM CONTROL NUMBER
System control number (Sirsi) u129663
041 0# - LANGUAGE CODE
Language code of text/sound track or separate title eng
110 2# - MAIN ENTRY--CORPORATE NAME
Corporate name or jurisdiction name as entry element Eversheds
9 (RLIN) 5261
245 00 - TITLE STATEMENT
Title Real Estate Briefing
260 ## - PUBLICATION, DISTRIBUTION, ETC.
Place of publication, distribution, etc. London
Name of publisher, distributor, etc. Eversheds
Date of publication, distribution, etc. [2004]-
362 0# - DATES OF PUBLICATION AND/OR SEQUENTIAL DESIGNATION
Dates of publication and/or sequential designation December 2004-
520 ## - SUMMARY, ETC.
Summary, etc. Kept for one year
520 ## - SUMMARY, ETC.
Summary, etc. This journal can also be viewed online at www.eversheds.com.
554 ## -
-- Four per year
651 #4 - SUBJECT ADDED ENTRY--GEOGRAPHIC NAME
Geographic name England and Wales
Chronological subdivision 1543-
690 ## - LOCAL SUBJECT ADDED ENTRY--TOPICAL TERM (OCLC, RLIN)
Topical term or geographic name as entry element PROPERTY
856 41 - ELECTRONIC LOCATION AND ACCESS
Uniform Resource Identifier <a href="https://www.eversheds.com/uk/Home/News_room/Publications.page?">https://www.eversheds.com/uk/Home/News_room/Publications.page?</a>
Public note View Real Estate Briefing free of charge at www.eversheds.com...
942 ## - ADDED ENTRY ELEMENTS (KOHA)
Suppress in OPAC 0
Holdings
Withdrawn status Lost status Source of classification or shelving scheme Damaged status Not for loan Home library Current library Shelving location Date acquired Total Checkouts Full call number Barcode Date last seen Price effective from Koha item type
    Dewey Decimal Classification     London London Gallery 09/05/2005   REAL ESTATE BRIEFING 129663-1001 06/08/2019 06/08/2019 Journal